| 000 | 00762nam a22001937a 4500 | ||
|---|---|---|---|
| 005 | 20100820154326.0 | ||
| 010 | _aENG-101076 | ||
| 020 | _c150.00 | ||
| 035 | _aEN-84609 | ||
| 037 | _bDBAD/PUB | ||
| 082 | _a305.231 | ||
| 245 |
_aResearch on ICDS : _ban overview (1996-2008) / |
||
| 260 |
_aNew Delhi _bNational Institute of Public Cooperation and Child Development _c2009 |
||
| 270 |
_a5, Siri Institutional Area, Hauz Khas _bNew Delhi _e110016 |
||
| 300 |
_aV.3 (xx,308p.) _c27cm (pbk) |
||
| 650 |
_aChildren-services for _zIndia _916731 |
||
| 942 |
_2ddc _cEN _h305.231 _mRES |
||
| 999 |
_c42766 _d42766 |
||